000 00317nam a22001337a 4500
008 180301b xxu||||| |||| 00| 0 eng d
020 _a06841792347
041 _aeng
080 _a574
100 _a9
101 _aMJE
245 _aNORTH AMERICAN GAME BIRDS ANDS MAMMALS
_cMICHAEL.T.B
942 _2udc
_cBK
999 _c43824
_d43824